| 000 | 00618cam0a220020500 4500 | ||
|---|---|---|---|
| 001 | zam00000473 | ||
| 008 | 951128s1990 xx eng u | ||
| 020 | _a0870843680 | ||
| 035 | _a(Sirsi) r17987 | ||
| 035 | _a(MACHINE)00680 | ||
| 100 | 1 |
_aNewman, Frank. _6A47367.1 |
|
| 245 | 1 | 0 | _aInternational human rights. |
| 260 |
_aCincinnati : _bAnderson, _c1990. |
||
| 504 | _aIncludes bibliographical references. | ||
| 650 |
_aHuman rights. _6S53.2 |
||
| 700 |
_aF. Newman and D. Wissbrodt. _6A76652.1 |
||
| 949 |
_aKJ/605 _wlcc _i-14422 _p2500 _tBOOK _lON-SHELF |
||
| 004 | 17987 | ||
| 900 |
_51990 _8KJ/605 _9NEW _c1 _p2500 |
||
| 999 |
_c162533 _d162533 |
||